|
|
|
|
| LEADER |
00000nab a2200000 a 4500 |
| 001 |
vtls000816121 |
| 003 |
SK-MaSNL |
| 005 |
20260303190416.0 |
| 008 |
140619c2002 xo 0 slo |
| 015 |
|
|
|a SNBRB2002/11-38498
|
| 035 |
|
|
|a CLN000167776
|
| 040 |
|
|
|a SNKBUCL
|b slo
|c SNKBUCL
|e AACR2
|
| 041 |
0 |
|
|a slo
|
| 044 |
|
|
|a xo
|c SK
|
| 080 |
|
|
|a 301(437.6)
|2 1997
|
| 080 |
|
|
|a 301-051
|2 1997
|
| 100 |
1 |
|
|a Turčan, Ľudovít,
|d 1939-2021
|4 ivr
|9 165515
|
| 245 |
1 |
0 |
|a Profily a interpretácie
|b rozhovor s Doc. Mgr. Ladislavom Macháčkom, CSc., pri príležitosti jeho šesťdesiatky o sociológii a sociológoch na Slovensku ; zhováral sa Ľ. Turčan
|
| 600 |
1 |
7 |
|a Macháček, Ladislav,
|d 1942-2015
|2 snkbucl
|
| 650 |
0 |
7 |
|a sociológia slovenská
|2 snkbucl
|9 1218700
|
| 655 |
|
7 |
|a články z novín a časopisov
|2 snkbucl
|9 267496
|
| 700 |
1 |
|
|a Macháček, Ladislav,
|d 1942-2015
|4 aut
|
| 773 |
0 |
|
|t Sociológia
|g Roč. 34, č. 4 (2002), s. 345-360
|x 0049-1225
|
| 850 |
|
|
|a Slovenská národná knižnica v Martine
|
| 852 |
|
|
|a SNK
|b KIS3GCP
|
| 958 |
|
|
|a SK
|
| 958 |
|
|
|a BX
|
| 992 |
|
|
|a RBX
|
| 999 |
|
|
|c 2136116
|d 2138046
|